Engineering economy (Record no. 4218)

000 -LEADER
fixed length control field 00580nam a2200229 i 4500
001 - CONTROL NUMBER
control field 4218
003 - CONTROL NUMBER IDENTIFIER
control field BD-DhUET
008 - FIXED-LENGTH DATA ELEMENTS--GENERAL INFORMATION
fixed length control field 780213s1979 nyua b 001 0 eng
020 ## - INTERNATIONAL STANDARD BOOK NUMBER
International Standard Book Number 002328160X
040 ## - CATALOGING SOURCE
Original cataloging agency DLC
Transcribing agency DLC
Modifying agency BD-DhUET
082 ## - DEWEY DECIMAL CLASSIFICATION NUMBER
Classification number 658.92
Item number DEG/1979
100 1# - MAIN ENTRY--PERSONAL NAME
Personal name DeGarmo, E. Paul
245 10 - TITLE STATEMENT
Title Engineering economy
250 ## - EDITION STATEMENT
Edition statement 6th ed.
260 ## - PUBLICATION, DISTRIBUTION, ETC. (IMPRINT)
Place of publication, distribution, etc. London
Name of publisher, distributor, etc. Macmillan
Date of publication, distribution, etc. 1979
300 ## - PHYSICAL DESCRIPTION
Extent xv, 576p.
Other physical details ill.
Dimensions 24 cm.
504 ## - BIBLIOGRAPHY, ETC. NOTE
Bibliography, etc Includes bibliographies
650 #0 - SUBJECT ADDED ENTRY--TOPICAL TERM
Topical term or geographic name as entry element Engineering economy
700 ## - ADDED ENTRY--PERSONAL NAME
Personal name Canada, John R.
700 ## - ADDED ENTRY--PERSONAL NAME
Personal name Sullivan, William G.
942 ## - ADDED ENTRY ELEMENTS (KOHA)
Koha item type General Book
Holdings
Koha issues (times borrowed) Koha normalized classification for sorting Price effective from Piece designation (barcode) Date acquired Sublocation or collection (holding branch) Koha date last borrowed Source of classification or shelving scheme Koha item type Damaged status Shelving location Withdrawn status Koha full call number Koha date last seen Location (home branch) Not for loan Lost status Copy number
1658_920000000000000_DEG_19792014-11-13713652014-11-13Central Library, BUET2024-10-28 General Book Circulation section 658.92/DEG/19792024-12-03Central Library, BUET  1
 658_920000000000000_DEG_19792015-02-28654142015-02-28Central Library, BUET  General Book Circulation section 658.92/DEG/19792015-02-28Central Library, BUET  2
 658_920000000000000_DEG_19792015-02-28651122015-02-28Central Library, BUET  General Book Circulation section 658.92/DEG/19792015-02-28Central Library, BUET  3
 658_920000000000000_DEG_19792015-02-28654102015-02-28Central Library, BUET  General Book Circulation section 658.92/DEG/19792015-02-28Central Library, BUET  4
 658_920000000000000_DEG_19792015-02-28651072015-02-28Central Library, BUET  General Book Circulation section 658.92/DEG/19792015-02-28Central Library, BUET  5
 658_920000000000000_DEG_19792015-03-04149582015-03-04Central Library, BUET  General Book Circulation section 658.92/DEG/19792015-03-04Central Library, BUET  6